Jména náhodných Česko-Slovenských prezidentů podle obrázku - Statistics

General Stats
  • This quiz has been taken 28 times
  • The average score is 7 of 9
Answer Stats
Picture Answer % Correct
Edvard Beneš
100%
Tomáš Garrigue Masaryk
100%
Václav Havel
100%
Miloš Zeman
89%
Gustáv Husák
88%
Petr Pavel
86%
Václav Klaus
85%
Zuzana Čaputová
85%
Antonín Zápotocký
83%
Jozef Tiso
80%
Klement Gottwald
73%
Peter Pellegrini
73%
Andrej Kiska
71%
Emil Hácha
67%
Antonín Novotný
50%
Ludvík Svoboda
43%
Ivan Gašparovič
36%
Michal Kováč
33%
Rudolf Schuster
25%
No matching quizzes found
Score Distribution
Percent of People with Each Score
Percentile by Number Answered
Your Score History
You have not taken this quiz